Catálogo público

Memorias / (Record no. 167459)

MARC details
000 -CABECERA
campo de control de longitud fija 00885nam a2200265Ia 4500
001 - NÚMERO DE CONTROL
campo de control Z_4389
008 - DATOS DE LONGITUD FIJA--INFORMACIÓN GENERAL
campo de control de longitud fija 220113s1977 xx 000 0 und d
010 ## - NÚMERO DE CONTROL DE LA BIBLIOTECA DEL CONGRESO
Número de control de LC 167459
082 ## - NÚMERO DE LA CLASIFICACIÓN DECIMAL DEWEY
Número de clasificación 636.082 C87
100 ## - ENTRADA PRINCIPAL--NOMBRE DE PERSONA
Nombre de persona Curso de Actualización sobre Temas Selectos de Endocrinología Veterinaria (1977 : México, D.F.)
9 (RLIN) 141675
245 ## - MENCIÓN DE TÍTULO
Título Memorias /
Mención de responsabilidad, etc. por John E. Cox
260 ## - PUBLICACIÓN, DISTRIBUCIÓN, ETC.
Lugar de publicación, distribución, etc. México, D. F. :
Nombre del editor, distribuidor, etc. UNAM. Facultad de Medicina Veterinaria y Zootecnia,
Fecha de publicación, distribución, etc. 1977
300 ## - DESCRIPCIÓN FÍSICA
Extensión p.p. 1-26
440 ## - MENCIÓN DE SERIE/PUNTO DE ACCESO ADICIONAL--TÍTULO
Título
500 ## - NOTA GENERAL
Nota general Encuadernado con otros impresos similares
503 ## - NOTA DE HISTORIA BIBLIOGRÁFICA (BK CF MU) [OBSOLETO]
Nota de historia bibliográfica
650 ## - PUNTO DE ACCESO ADICIONAL DE MATERIA--TÉRMINO DE MATERIA
Término de materia o nombre geográfico como elemento de entrada Endocrinología
9 (RLIN) 36871
650 ## - PUNTO DE ACCESO ADICIONAL DE MATERIA--TÉRMINO DE MATERIA
Término de materia o nombre geográfico como elemento de entrada Reproducción animal
Subdivisión general Estudio y enseñanza
9 (RLIN) 96030
650 ## - PUNTO DE ACCESO ADICIONAL DE MATERIA--TÉRMINO DE MATERIA
Término de materia o nombre geográfico como elemento de entrada Veterinaria
Subdivisión general Congresoso I. Cox, John II. UNAM. Facultad de Medicina Veterinaria y Zootecnia
9 (RLIN) 141676
901 ## - ELEMENTOS DE DATOS A LOCAL LDA (RLIN)
a 636.082 C87
902 ## - ELEMENTOS DE DATOS B LOCAL, LDB (RLIN)
a A
910 ## - DATOS DE OPCIÓN DEL USUARIO (OCLC)
Datos de opción del usuario 1977
942 ## - ELEMENTOS DE PUNTO DE ACCESO ADICIONAL (KOHA)
Tipo de ítem Koha

No items available.